000 nam a22 7a 4500
999 _c10769
_d10769
008 180223b ||||| |||| 00| 0 eng d
100 _aCBSE
_96614
245 _aU-Like CBSE CCE Sample Papers Social Science-X
260 _aNew Delhi
_bBest Book
_c2012